Who Wrote That? #11 - Statistics

General Stats
  • This quiz has been taken 69 times
  • The average score is 5 of 10
Answer Stats
Hint Explanation Answer % Correct
“This above all: To thine own self be true, And it must follow, as the night the day, Thou canst not then be false to any man.” Hamlet William Shakespeare
89%
“Beware; for I am fearless, and therefore powerful.” Frankenstein Mary Shelley
62%
“‘Why did you do all this for me?’ he asked. ‘I don’t deserve it. I’ve never done anything for you.’ ‘You have been my friend,’ replied Charlotte. ‘That in itself is a tremendous thing.’” Charlotte’s Web E. B. White
60%
“It is only with the heart that one can see rightly; what is essential is invisible to the eye.” The Little Prince Antoine de Saint-Exupéry
53%
“There is some good in this world, and it’s worth fighting for.” The Two Towers J. R. R. Tolkien
53%
“I am no bird; and no net ensnares me: I am a free human being with an independent will, which I now exert to leave you.” Jane Eyre Charlotte Brontë
49%
“A man, after he has brushed off the dust and chips of his life, will have left only the hard, clean questions: Was it good or was it evil? Have I done well — or ill?” East of Eden John Steinbeck
44%
“Love is or it ain’t. Thin love ain’t love at all.” Beloved Toni Morrison
44%
“The only way out of the labyrinth of suffering is to forgive.” Looking for Alaska John Green
22%
“We accept the love we think we deserve.” The Perks of Being a Wallflower Stephen Chbosky
18%
No matching quizzes found
Score Distribution
Percent of People with Each Score
Percentile by Number Answered
Your Score History
You have not taken this quiz